| 000 | 03946cgm a2200781Ia 4500 | ||
|---|---|---|---|
| 001 | ocm48614128 | ||
| 003 | OCoLC | ||
| 005 | 20241220134057.0 | ||
| 008 | 011214p20021992xxu121 vleng d | ||
| 007 | vd cvaizk | ||
| 040 |
_aTEF _cTEF _dUV$ _dRCS _dJFL _dOCLCQ _dVP@ _dBTCTA _dOCLCQ _dOCLCA _dOCLCG _dOCLCQ _dCCO _dOCLCA _dRS$ _dUNL _dOCLCA _dORX _dUINTA |
||
| 020 | _a0788831003 | ||
| 020 | _a9780788831003 | ||
| 024 | 1 | _a786936162783 | |
| 028 | 4 | 1 |
_a023688 _bBuena Vista Home Entertainment |
| 035 | _a(OCoLC)48614128 | ||
| 037 |
_bMidwest Tapes _nhttp://www.midwesttapes.com |
||
| 041 | 1 |
_aeng _aspa _jeng _jfre _jspa _heng |
|
| 043 | _an-us-ny | ||
| 050 | 1 | 4 |
_aPN1995.9.M86 _bN497 2002 |
| 082 | 0 | 4 |
_a791.43/72 _222 |
| 049 | _aUCLB | ||
| 092 | _a791.437 | ||
| 245 | 0 | 0 |
_aNewsies _h[videorecording] / _cTouchwood Pacific Partners I ; presented by Walt Disney Pictures ; producer, Michael Finnell ; writers, Bob Tzudiker, Noni White ; director, Kenny Ortega. |
| 250 | _aCollector's ed. | ||
| 260 |
_a[United States] : _bWalt Disney Home Video ; _aBurbank, Calif. : _bDistributed by Buena Vista Home Entertainment, _c[2002] |
||
| 300 |
_a1 videodisc (ca. 121 min.) : _bsd., col. ; _c4 3/4 in. |
||
| 538 | _aDVD; Dolby digital, Dolby digital 5.1 surround; region 1; NTSC. | ||
| 546 | _aClosed captioned. | ||
| 546 | _aSoundtrack in English, with optional Spanish dialogue and optional French or Spanish subtitles. | ||
| 500 | _aTitle from container. | ||
| 511 | 1 | _aChristian Bale, David Moscow, Luke Edwards, Max Casella, Robert Duvall, Ann-Margret. | |
| 508 | _aCinematography, Andrew Laszlo ; editor, William Reynolds ; music, Alan Menken, J.A.C. Redford. | ||
| 500 | _aOriginally released as a motion picture in 1992. | ||
| 521 | 8 | _aMPAA rating: PG; some material may not be suitable for children. | |
| 520 | _aJuly, 1899: When Joseph Pulitzer and William Randolph Hearst raise the distribution price one-tenth of a cent per paper, ten cents per hundred, the newsboys, poor enough already, are outraged. Inspired by the strike put on by the trolley workers, Jack "Cowboy" Kelly organizes a newsboys' strike. With David Jacobs as the brains of the new union, and Jack as the voice, the weak and oppressed found the strength to band together and challenge the powerful. | ||
| 500 | _aSpecial features include: audio commentary by director Kenny Ortega; sing-along feature (lyrics at the bottom of the screen); historical featurette about the real newspaper boy strike. | ||
| 650 | 0 |
_aPaperboys _vDrama. _96515440 |
|
| 650 | 0 |
_aStrikes and lockouts _xNewspapers _zNew York (State) _zNew York _vDrama. _96516345 |
|
| 650 | 7 |
_aDiarios estadounidenses _vTeatro. _2bidex _96516346 |
|
| 650 | 7 |
_aHuelgas y paros patronales _xDiarios _zNueva York (Estado) _zNueva York _vTeatro. _2bidex _96516347 |
|
| 655 | 7 |
_aFeature films. _2lcgft _96249382 |
|
| 655 | 7 |
_aMusical films. _2lcgft _96249383 |
|
| 655 | 7 |
_aHistorical films. _2lcgft _96249384 |
|
| 655 | 7 |
_aVideo recordings for the hearing impaired. _2lcgft _96249385 |
|
| 700 | 1 |
_aFinnell, Michael. _95857989 |
|
| 700 | 1 |
_aTzudiker, Bob. _972766 |
|
| 700 | 1 |
_aWhite, Noni. _972576 |
|
| 700 | 1 |
_aOrtega, Kenny. _963775 |
|
| 700 | 1 |
_aBale, Christian, _d1974- _966309 |
|
| 700 | 1 |
_aMoscow, David, _d1974- _974643 |
|
| 700 | 1 |
_aEdwards, Luke, _d1980- _96249386 |
|
| 700 | 1 |
_aCasella, Max. _963144 |
|
| 700 | 1 |
_aDuvall, Robert. _923446 |
|
| 700 | 0 |
_aAnn-Margret, _d1941- _917074 |
|
| 700 | 1 |
_aLaszlo, Andrew, _d1926-2011. _96249387 |
|
| 700 | 1 |
_aReynolds, William, _d1910-1997. _924444 |
|
| 700 | 1 |
_aMenken, Alan. _915460 |
|
| 700 | 1 |
_aRedford, J. A. C. _915750 |
|
| 710 | 2 |
_aTouchwood Pacific Partners I. _958204 |
|
| 710 | 2 |
_aWalt Disney Pictures. _922141 |
|
| 710 | 2 |
_aWalt Disney Home Video (Firm) _961249 |
|
| 710 | 2 |
_aBuena Vista Home Entertainment (Firm) _964615 |
|
| 938 |
_aBaker and Taylor _bBTCP _nbe2003005983 |
||
| 942 |
_cDVD _0409 |
||
| 994 |
_aC0 _bUINTA |
||
| 998 | _aa158918 | ||
| 999 |
_c90607 _d90607 |
||